| 000 | 00820nam0a2200277 4500 | ||
|---|---|---|---|
| 001 | RU\NLR\bibl\1114031 | ||
| 005 | 20260405140419.0 | ||
| 010 | _a978-5-9710-0146-1 | ||
| 021 |
_aRU _b2007-42854 _92293 |
||
| 035 | _a(NLR Aleph) 001101045 | ||
| 090 |
_a1178441 _c1178441 |
||
| 100 | _a20070801d2007 |||y0rusy50 ca | ||
| 101 | 0 | _arus | |
| 102 | _aRU | ||
| 105 | _ay ||||||||| | ||
| 200 | 1 |
_a... А более ничего _e[стихи] _fНиколай Юрьевич |
|
| 210 |
_aМосква _cЛенанд _d2007 |
||
| 215 |
_a112 с. _d22 |
||
| 686 | _aШ6(2=Р)75-5 | ||
| 700 | 0 |
_4070 _8rus _7ca _aНиколай Юрьевич _cпоэт _3RU\NLR\AUTH\7756628 _939560 |
|
| 801 | 0 |
_aRU _bNLR _c20070801 _gRCR |
|
| 801 | 1 |
_aRU _bNLR _c20070801 |
|
| 942 | _cBOOK | ||
| 980 | _aNB | ||